Refression and other stories (Record no. 1678445)

MARC details
000 -LEADER
fixed length control field 00838nam a2200193 4500
005 - DATE AND TIME OF LATEST TRANSACTION
control field 20260202102548.0
008 - FIXED-LENGTH DATA ELEMENTS--GENERAL INFORMATION
fixed length control field 260202b |||||||| |||| 00| 0 eng d
020 ## - INTERNATIONAL STANDARD BOOK NUMBER
International Standard Book Number 9781107676510
037 ## - SOURCE OF ACQUISITION
Terms of availability Textual
040 ## - CATALOGING SOURCE
Original cataloging agency RTL
Transcribing agency RTL
084 ## - COLON CLASSIFICATION NUMBER
Assigning agency RTL
100 ## - MAIN ENTRY--PERSONAL NAME
Personal name Gelman, Andrew
9 (RLIN) 1113045
245 ## - TITLE STATEMENT
Title Refression and other stories
260 ## - PUBLICATION, DISTRIBUTION, ETC.
Place of publication, distribution, etc. New York
Name of publisher, distributor, etc. Cambridge
Date of publication, distribution, etc. 2021
300 ## - PHYSICAL DESCRIPTION
Extent xv, 534 p.
Other physical details Includes bibliographical reference and index
520 ## - SUMMARY, ETC.
Summary, etc. Most textbooks on regression focus on theory and the simplest of examples. Real statistical problems, however, are complex and subtle. This is not a book about the theory of regression. It is about using regression to solve real problems of comparison, estimation, prediction, and causal inference.
700 ## - ADDED ENTRY--PERSONAL NAME
Personal name Hill, Jennifer
Relator term Co-author
9 (RLIN) 1113046
942 ## - ADDED ENTRY ELEMENTS (KOHA)
Source of classification or shelving scheme Colon Classification (CC)
Suppress in OPAC No
Koha item type Textual

No items available.

Copyright @ Delhi University Library System